Subdivision capitals closest to Schwerin (DE) - Statistics

General Stats
  • This quiz has been taken 19 times
  • The average score is 11 of 20
Answer Stats
Distance (km) Answer % Correct
6 181 Berlin
100%
7 184 Bremen
89%
1 94 Hamburg
89%
2 114 Kiel
89%
4 175 Potsdam
89%
18 327 Dresden
78%
5 179 Hannover
78%
10 240 København
78%
3 168 Magdeburg
78%
9 208 Szczecin
78%
15 296 Erfurt
67%
17 324 Groningen
44%
11 242 Malmö
44%
14 274 Gorzów Wielkopolski
33%
20 333 Zielona Góra
33%
13 262 Hillerød
11%
16 320 Kristianstad
11%
8 201 Sorø
11%
12 261 Vejle
11%
19 330 Assen
0%
No matching quizzes found
Score Distribution
Percent of People with Each Score
Percentile by Number Answered
Your Score History
You have not taken this quiz